Normal view
MARC view
- Jaspers, Karl,
Entry Nombre Personal
001 - NUMERO DE CONTROL
- campo de control: 28779
003 - IDENTIFICADOR DE NUMERO DE CONTROL
- campo de control: UPN
005 - FECHA Y HORA DE LA ÜLTIMA TRANSACCIÓN
- campo de control: 20210219194357.0
008 - DATOS DE LONGITUD FIJA
- campo de control de longitud fija: nabaccnnaabn|||||||||| b |nc|||||d
035 ## - NUMERO DE CONTROL
- Número de control: UPN11000000885
040 ## - FUENTE DE CATALOGACIÓN
- Lenguaje de catalogación: SPA
- Agencia de transcripción: UPN
100 1# - ENCABEZAMIENTO - NOMBRE PERSONAL
- Nombre personal: Jaspers, Karl,
- Fechas asociadas con el nombre: 1883-1969
670 ## - FUENTE EN LA QUE SE LOCALIZARON DATOS
- Información localizada: LC
680 ## - NOTA PUBLICA DE ACCESO PÚBLICO
- Frase explicativa de la referencia: Filósofo alemán
902 ## - CATALOGADOR
- Catalogador: DAA/100108
